Le latin vulgaire

Պահպանված է:
Մատենագիտական մանրամասներ
Հիմնական հեղինակ: Herman, Joseph
Ձևաչափ: Գիրք
Լեզու:Undetermined
Հրապարակվել է: París, Francia Presses Universitaires de France 1967
Խորագրեր:
Ցուցիչներ: Ավելացրեք ցուցիչ
Չկան պիտակներ, Եղեք առաջինը, ով նշում է այս գրառումը!

MARC

LEADER 00000nam a2200000Ia 4500
008 170316s9999 xx 000 0 und d
090 |a 415-L H-1L 
100 |a Herman, Joseph 
245 |a Le latin vulgaire 
260 |a París, Francia 
260 |b Presses Universitaires de France 
260 |c 1967 
300 |a 125 páginas 
650 |a GRAMÁTICA LATINA 
999 |c 19633  |d 19633 
040 |a cru BVZT 
942 |c 15 D  |h 415-L H-1L  |2 z